International Trade. (Record no. 2429)

MARC details
000 -LEADER
fixed length control field 00413nam a22001697a 4500
005 - DATE AND TIME OF LATEST TRANSACTION
control field 20180227170904.0
008 - FIXED-LENGTH DATA ELEMENTS--GENERAL INFORMATION
fixed length control field 160611b xxu||||| |||| 00| 0 eng d
020 ## - INTERNATIONAL STANDARD BOOK NUMBER
ISBN 0-7069-8942-2
041 ## - LANGUAGE CODE
Language code of text/sound track or separate title eng
082 ## - DEWEY DECIMAL CLASSIFICATION NUMBER
Item number 6982
Classification number 332
100 ## - MAIN ENTRY--AUTHOR NAME
Personal name Veema, M.L.
245 ## - TITLE STATEMENT
Title International Trade.
260 ## - PUBLICATION, DISTRIBUTION, ETC. (IMPRINT)
Place of publication New Delhi
Name of publisher Vikas Publishing House (P) Ltd.
300 ## - PHYSICAL DESCRIPTION
Number of Pages 277
650 ## - SUBJECT ADDED ENTRY--TOPICAL TERM
Topical Term Management
942 ## - ADDED ENTRY ELEMENTS (KOHA)
Koha item type Books
Holdings
Lost status Damaged status Collection code Home library Current library Shelving location Date acquired Cost, normal purchase price Full call number Accession Number Koha item type
    MANAGEMENT JRU Library JRU Library SHELF-61-G 11/06/2016 150.00 332 6982 Books
    MANAGEMENT JRU Library JRU Library SHELF-41-I 11/06/2016 150.00 332 6983 Books
    MANAGEMENT JRU Library JRU Library SHELF-61-G 11/06/2016 150.00 332 6984 Books
    MANAGEMENT JRU Library JRU Library SHELF-61-G 11/06/2016 150.00 332 6985 Books
    MANAGEMENT JRU Library JRU Library SHELF-61-G 11/06/2016 150.00 332 6986 Books
    MANAGEMENT JRU Library JRU Library SHELF-71-C 11/06/2016 150.00 332 6987 Books
    Reference JRU Library   SHELF-30-J 11/06/2016 150.00 332 6988 Books